| 000 | 00746cam a22002413a 4500 | ||
|---|---|---|---|
| 001 | 28750 | ||
| 003 | PGUSA | ||
| 005 | 20140828083625.0 | ||
| 008 | 090510s2009||||xxu|||||s|||||000 | eng d | ||
| 040 |
_aPGUSA _beng |
||
| 042 | _adc | ||
| 050 | 4 | _aKF | |
| 100 | 1 |
_aNetherton, Ross De Witt, _d1918-2010 |
|
| 245 | 1 | 4 |
_aThe Fairfax County Courthouse _h[electronic resource] / _cRoss De Witt Netherton |
| 260 |
_bProject Gutenberg, _c2009 |
||
| 506 | _aPublic domain in the USA. | ||
| 516 | _aElectronic text | ||
| 653 | _aLaw -- Virginia -- Fairfax County -- History | ||
| 653 | _aCourthouses -- Virginia -- Fairfax County -- History | ||
| 830 | 0 |
_aProject Gutenberg _v28750 |
|
| 856 | 4 | 0 | _uhttp://www.gutenberg.org/ebooks/28750 |
| 942 | _cEB | ||
| 999 |
_c258005 _d258005 |
||